header

Comings and goings (Record no. 79118)

MARC details
000 -LEADER
fixed length control field 01393nam a2200325 a 4500
082 04 - DEWEY DECIMAL CLASSIFICATION NUMBER
Classification number 378.1/98309713541
100 1# - MAIN ENTRY--AUTHOR NAME
Personal name Levi, Charles Morden,
245 10 - TITLE STATEMENT
Title Comings and goings
260 ## - PUBLICATION, DISTRIBUTION, ETC. (IMPRINT)
Place of publication Montreal ;
-- Ithaca :
Name of publisher McGill-Queen's University Press,
Year of publication c2003.
300 ## - PHYSICAL DESCRIPTION
Number of Pages xii, 172 p.
856 40 - ELECTRONIC LOCATION AND ACCESS
Uniform Resource Identifier http://site.ebrary.com/lib/rucke/Doc?id=10132863

No items available.

© 2026 Rongo University
Contact us: librarian | system librarian | Rongo university